000 00820nam a2200277 u 4500
001 000056475
005 20200120223246.0
008 130617s2005 ck a gr 000 j spa d
020 _a9580484910
041 0 _a|spa
043 _as-ck---
090 _aC
_bCOLh
100 1 _aColasanti, Marina,
245 1 3 _aEl hombre que no paraba de crecer /
_cMarina Colasanti ; traducción de Irene Vasco.
250 _a1a. ed.
260 _aBogotá :
_bNorma,
_c2005.
300 _a64 p. :
_bil.
490 0 _aTorre de papel. Torre roja.
500 _aTítulo original : O homem que nao parava de crescer
650 1 4 _aCuento infantil
650 2 4 _aLiteratura infantil
650 2 4 _aLiteratura brasilera
650 2 4 _aNiños en la literatura
650 2 4 _aCrecimiento en la literatura
700 1 _aVasco, Irene,
_etr.
999 _c5844
_d5844